| 000 | 00642nam a2200193 a 4500 | ||
|---|---|---|---|
| 005 | 20240920064212.0 | ||
| 008 | 991125s1941 ea 000 0 eng u | ||
| 035 | _aUPN01000002988 | ||
| 049 | _aCG | ||
| 050 | 4 |
_aL125 B6 _bA2 1941 |
|
| 110 | 2 | _aBoston Public Schools | |
| 245 | 0 | 0 |
_aAnnual report of the superintendent / _cBoston Public Schools. |
| 260 |
_aBoston [E.U.A.] : _bPublic Schools, Printing Department, _c1941. |
||
| 300 | _a280 p., [27] p. de láms., [1] h. pleg. | ||
| 500 | _a"School document, no. 11-1941" | ||
| 610 | 2 | 4 |
_aBOSTON PUBLIC SCHOOLS - _vANUARIOS _97209 |
| 650 | 4 |
_aEducación _zEstados Unidos _9803 |
|
| 905 | _aLibro | ||
| 999 |
_c2988 _d2988 |
||